Zawi / (Record no. 193374)

MARC details
000 -LEADER
campo de control de longitud fija 02187nam a2200433 i 4500
001 - NÚMERO DE CONTROL
campo de control 193374
003 - IDENTIFICADOR DE NÚMERO DE CONTROL
campo de control SpMaBN
005 - FECHA Y HORA DE LA ÚLTIMA TRANSACCIÓN
campo de control 20250712063139.0
007 - CAMPO FIJO DE DESCRIPCIÓN FÍSICA--INFORMACIÓN GENERAL
campo de control de longitud fija ta
008 - DATOS DE LONGITUD FIJA--INFORMACIÓN GENERAL
campo de control de longitud fija 061005s2006 sp | ||| ||spa
016 7# - NÚMERO DE CONTROL DE UNA AGENCIA BIBLIOGRÁFICA NACIONAL
Número de control del registro bimoBNE20060980647
Fuente SpMaBN
017 ## - NÚMERO DE COPYRIGHT O DE DEPÓSITO LEGAL
Número de copyright o de depósito legal B 10897-2006
Agencia que asigna Oficina Depósito Legal Barcelona
020 ## - NÚMERO INTERNACIONAL ESTÁNDAR DEL LIBRO
Número Internacional Estándar del Libro 9788496544369
035 ## - NÚMERO DE CONTROL DEL SISTEMA
Número de control de sistema (OCoLC)433553580
040 ## - FUENTE DE CATALOGACIÓN
Centro catalogador/agencia de origen SpMaBN
Lengua de catalogación spa
Centro/agencia transcriptor SpMaBN
Normas de descripción rdc
080 ## - NÚMERO DE LA CLASIFICACIÓN DECIMAL UNIVERSAL
Número de la Clasificación Decimal Universal 821.134.2-31"19"
100 1# - ENTRADA PRINCIPAL--NOMBRE DE PERSONA
Nombre de persona Serrano, José Luis,
Fechas asociadas al nombre 1960-2016
Número de control del registro de autoridad o número normalizado XX1103708
9 (RLIN) 234541
Término indicativo de función/relación Autor
245 10 - MENCIÓN DEL TÍTULO
Título Zawi /
Mención de responsabilidad, etc. José Luis Serrano
250 ## - MENCION DE EDICION
Mención de edición Primera edición: mayo de 2006
260 ## - PUBLICACIÓN, DISTRIBUCIÓN, ETC.
Lugar de publicación, distribución, etc. Barcelona :
Nombre del editor, distribuidor, etc. Roca,
Fecha de publicación, distribución, etc. 2006
300 ## - DESCRIPCIÓN FÍSICA
Extensión 301 páginas :
Otras características físicas mapas ;
Dimensiones 23 cm
336 ## - TIPO DE CONTENIDO
Fuente rdacontent
Término de tipo de contenido Texto
337 ## - TIPO DE MEDIO
Fuente rdamedia
Nombre/término del tipo de medio sin mediación
338 ## - TIPO DE SOPORTE
Fuente rdacarrier
Nombre/término del tipo de soporte volumen
490 1# - MENCIÓN DE SERIE
Mención de serie Histórica
500 ## - NOTA GENERAL
Nota general Índice
500 ## - NOTA GENERAL
Nota general Cronología histórica
500 ## - NOTA GENERAL
Nota general Glosario y estirpes
520 ## - RESUMEN, ETC.
Sumario, etc. Una novela histórica sobre la fundación del reino de Granada y la figura de Almanzor, rigurosamente documentada y exquisitamente escrita. <br/>La guerra civil del año 1009, la figura incomparable de Almanzor, la vida de Zawi Zirí -mercenario bereber en el al-Ándalus- y la fundación del reino de Granada son los cuatro ejes narrativos de este libro. Exquisitos retratos de los reinos, los palacios y las cortes andalusíes; trepidantes descripciones del fragor de las batallas y unos personajes inolvidables. Una novela de aventuras que puede ser leída como tal, pero también un texto muy respetuoso con la historia.
655 #7 - TERMINO DE INDIZACIÓN--GENERO/FORMA
Datos o término principal de género/forma Novelas históricas
Fuente del término tgfbne
9 (RLIN) 226782
830 #0 - PUNTO DE ACCESO ADICIONAL DE SERIE-TÍTULO UNIFORME
Título uniforme Histórica (Roca Editorial)
9 (RLIN) 234542
852 ## - LOCALIZACIÓN
Ubicación ES-MaACL
Sublocalización o colección R. 154779
Ubicación en estantería Depósito J
itemnumber 200818
Donativo/Legado Donación: José Lázaro García
Encuadernación Encuadernación cartoné con sobrecubiertas
Número de control de estantería N-9531
Anotaciones manuscritas "José Lázaro 10-6-2006"
903 ## - NOMBRE PERSONAL DE DONANTE
9 234219
a Lázaro García, José
e Donante
942 ## - ELEMENTOS DE ENTRADA SECUNDARIOS (KOHA)
Suprimir en OPAC No
Tipo de ítem Koha Libro impreso
Holdings
Estatus retirado Estado de pérdida Fuente del sistema de clasificación o colocación Especificación de materiales (volumen encuadernado u otra parte) Estado de daño No para préstamo Biblioteca de origen Biblioteca actual Ubicación en estantería Fecha de adquisición Fuente de adquisición Total de préstamos Signatura topográfica completa Código de barras Visto por última vez Tipo de ítem Koha
    Clasificación decimal universal Enc. cartoné     Biblioteca del Ateneo de Madrid Biblioteca del Ateneo de Madrid Depósito J 10/11/2023 Donación   N-9531 101206079 10/11/2023 Libro impreso